Sports Quiz

Random Sports or Toys Quiz

Sports by Lego II Quiz Stats

 Plays Quiz Updated Oct 25, 2018

Support Sporcle.
Go Orange.
Score 0/16 Timer 04:00
0 Plays Today
% Correct
Karate
96.9%
Skiing
96.7%
Table Tennis
96%
Skateboarding
95.5%
Pool
94.9%
Baseball
94.8%
Weightlifting
91.9%
Fencing
91.2%
% Correct
Balance beam
90.3%
High Jump
88.8%
Pole Vault
87.3%
Shooting
84.4%
Water Skiing
83.3%
Windsurfing
80.7%
Snorkeling
73.2%
Squash
72.2%

From the Vault

Women of DC Comics

by memoria_hotel

One of their powers must be to always have perfect hair.
Remove Ads.
Support Sporcle.
Get the best of Sporcle when you Go Orange. This ad-free experience offers more features, more stats, and more fun while also helping to support Sporcle. Thank you for becoming a member.

Show Comments

Extras

Top Quizzes Today


Score Distribution

Your Account Isn't Verified!

In order to create a playlist on Sporcle, you need to verify the email address you used during registration. Go to your Sporcle Settings to finish the process.

Report this User

Report this user for behavior that violates our Community Guidelines.

Details: